Cambios en la disponibilidad de nutrientes en un suelo tratado con cáscara de girasol y avena con vicia /

Guardado en:
Autor Principal: Cendoya, Silvina Noemí.
Autor Corporativo: Universidad Nacional del Sur. Departamento de Agronomía.
Otros Autores: González, Silvia, (tutor.)
Formato: Libro
Idioma:Spanish
Publicado: Bahía Blanca, 2004.
Etiquetas: Agregar Etiqueta
Sin Etiquetas, Sea el primero en etiquetar este registro!
LEADER 00744nam a22001695a 4500
001 EEA.libagro007366
005 20180522123851.0
008 130809s2004####ag#a##########000#0#spa#d
082 0 4 |a 631.87 
100 1 |a Cendoya, Silvina Noemí. 
245 1 0 |a Cambios en la disponibilidad de nutrientes en un suelo tratado con cáscara de girasol y avena con vicia /  |c Silvina Noemí Cendoya. 
260 |a Bahía Blanca,  |c 2004. 
300 |a 44 h. :  |b il. ;  |c 30 cm. 
500 |a Trabajo de intensificación (Ingeniero Agrónomo) -- Universidad Nacional del Sur. Departamento de Agronomía, 2004. 
700 1 |a González, Silvia,  |e tutor. 
710 2 |a Universidad Nacional del Sur.  |b Departamento de Agronomía. 
859 |a AR-BbBCA  |b BIB. AGRONOMIA  |h 631.87  |i C395  |p 2005/4737